Chào thế kỷ 21 du lịch và những điều mới lạ

Quyển sách trình bày 4 chủ đề chính các vấn đề về quê hương (các di tích lịch sử, văn hoá,..); Sức khoẻ, tình yêu cuộc sống; các kiến thức về thế giới; những điều hay điều lạ,...

保存先:
書誌詳細
第一著者: Nguyễn, Bích San
フォーマット: 図書
言語:Undetermined
出版事項: Hà Nội Văn hoá Thông tin 1999
主題:
タグ: タグ追加
タグなし, このレコードへの初めてのタグを付けませんか!
Thư viện lưu trữ: Trung tâm Học liệu Trường Đại học Cần Thơ
LEADER 00909nam a2200205Ia 4500
001 CTU_29709
008 210402s9999 xx 000 0 und d
020 |c 42000 
082 |a 030 
082 |b S105/1999 
100 |a Nguyễn, Bích San 
245 0 |a Chào thế kỷ 21 du lịch và những điều mới lạ 
245 0 |c Nguyễn Bích San ; Lương Lãng ...[et.al] biên soạn 
260 |a Hà Nội 
260 |b Văn hoá Thông tin 
260 |c 1999 
520 |a Quyển sách trình bày 4 chủ đề chính các vấn đề về quê hương (các di tích lịch sử, văn hoá,..); Sức khoẻ, tình yêu cuộc sống; các kiến thức về thế giới; những điều hay điều lạ,... 
650 |a Almanach 
904 |i Minh, H.Mai 
980 |a Trung tâm Học liệu Trường Đại học Cần Thơ